Health on air; (Record no. 8083)

MARC details
000 -LEADER
fixed length control field 00487nam a22001937a 4500
003 - CONTROL NUMBER IDENTIFIER
control field OSt
005 - DATE AND TIME OF LATEST TRANSACTION
control field 20230307103616.0
008 - FIXED-LENGTH DATA ELEMENTS--GENERAL INFORMATION
fixed length control field 230307b ||||| |||| 00| 0 eng d
020 ## - INTERNATIONAL STANDARD BOOK NUMBER
International Standard Book Number 0952615916
040 ## - CATALOGING SOURCE
Transcribing agency Must
082 ## - DEWEY DECIMAL CLASSIFICATION NUMBER
Classification number W84A13H 1998
100 ## - MAIN ENTRY--PERSONAL NAME
Personal name Adam,Gordon;Harford,Nicky;
9 (RLIN) 16466
245 ## - TITLE STATEMENT
Title Health on air;
260 ## - PUBLICATION, DISTRIBUTION, ETC. (IMPRINT)
Place of publication, distribution, etc. London,
Name of publisher, distributor, etc. Health Unlimited,
Date of publication, distribution, etc. 1998.
300 ## - PHYSICAL DESCRIPTION
Extent 103p;
Other physical details ill;
Dimensions 23cm.
504 ## - BIBLIOGRAPHY, ETC. NOTE
Bibliography, etc includes references
650 ## - SUBJECT ADDED ENTRY--TOPICAL TERM
Topical term or geographic name as entry element medicine
9 (RLIN) 324
942 ## - ADDED ENTRY ELEMENTS (KOHA)
Source of classification or shelving scheme Other/Generic Classification Scheme
Koha item type Open Shelf
Holdings
Withdrawn status Lost status Source of classification or shelving scheme Damaged status Not for loan Home library Current library Date acquired Source of acquisition Inventory number Total Checkouts Full call number Barcode Date last seen Price effective from Koha item type
    Other/Generic Classification Scheme     MUST Main Library MUST Main Library 07/03/2023 Purchase 12/36169   W84A13H 1998 2023-0286 07/03/2023 07/03/2023 Open Shelf
    Other/Generic Classification Scheme     MUST Main Library MUST Main Library 07/03/2023 Purchase 12/36169   W84A13H 1998 2023-0287 07/03/2023 07/03/2023 Open Shelf